El problema nacional (Record no. 95816)
[ view plain ]
| 000 -LEADER | |
|---|---|
| campo de control de longitud fija | 00600nam a2200181 i 4500 |
| 001 - NÚMERO DE CONTROL | |
| campo de control | 95816 |
| 003 - IDENTIFICADOR DE NÚMERO DE CONTROL | |
| campo de control | ES-MaACL |
| 005 - FECHA Y HORA DE LA ÚLTIMA TRANSACCIÓN | |
| campo de control | 20240418133857.0 |
| 007 - CAMPO FIJO DE DESCRIPCIÓN FÍSICA--INFORMACIÓN GENERAL | |
| campo de control de longitud fija | t| |
| 008 - DATOS DE LONGITUD FIJA--INFORMACIÓN GENERAL | |
| campo de control de longitud fija | 050606s1972 sp ||||1| spa d |
| 100 1# - ENTRADA PRINCIPAL--NOMBRE DE PERSONA | |
| Nombre de persona | Macías Picavea, Ricardo. |
| 9 (RLIN) | 75221 |
| 245 13 - MENCIÓN DEL TÍTULO | |
| Título | El problema nacional |
| Resto del título | : hechos, causas y remedios / |
| Mención de responsabilidad, etc. | Ricardo Macías Picavea; introducción, enlaces y notas Fermín Solana. |
| 260 ## - PUBLICACIÓN, DISTRIBUCIÓN, ETC. | |
| Lugar de publicación, distribución, etc. | Madrid : |
| Nombre del editor, distribuidor, etc. | Seminarios y Ediciones, |
| Fecha de publicación, distribución, etc. | 1972. |
| 300 ## - DESCRIPCIÓN FÍSICA | |
| Extensión | 181 p. ; |
| Dimensiones | 18 cm. |
| 700 0# - ENTRADA AGREGADA--NOMBRE PERSONAL | |
| Nombre de persona | Solana, Fermín, |
| Fechas asociadas al nombre | 1928- |
| 9 (RLIN) | 107065 |
| 852 ## - LOCALIZACIÓN | |
| Ubicación | ES-MaACL |
| Número de control de estantería | C-52694 |
| Sublocalización o colección | R.82293 |
| Estatus retirado | Estado de pérdida | Estado de daño | No para préstamo | Biblioteca de origen | Biblioteca actual | Ubicación en estantería | Fecha de adquisición | Fuente de adquisición | Total de préstamos | Signatura topográfica completa | Código de barras | Visto por última vez | Precio de reemplazo | Tipo de ítem Koha |
|---|---|---|---|---|---|---|---|---|---|---|---|---|---|---|
| Biblioteca del Ateneo de Madrid | Biblioteca del Ateneo de Madrid | Depósito 2 | 17/01/2008 | C-52694 | 1100048 | 23/02/2023 | 23/02/2023 | Libro impreso |
